Plus Grands Festivals de chaque pays - Statistiques

Statistiques générales
  • Ce quiz a été pris 73 fois
  • Le résultat moyen est 4 sur 16
Statistiques - réponses
Par images Réponse % Correct
Tomorrowland - Belgique
85%
Coachella - USA
66%
Vieilles Charrues - France
39%
Glastonbury - UK
37%
Lollapalooza Buenos Aires - Argentine
37%
Sunburn - Inde
34%
Sziget Festival - Hongrie
22%
Defqon 1 - Pays-Bas
21%
EDC (Electric Daisy Carnival) Mexico - Mexique
18%
Untold - Roumanie
16%
Rock In Rio - Brésil
13%
Airbeat One - Allemagne
12%
Ultra Europe - Croatie
12%
Fuji Rock - Japon
10%
Boom Festival - Portugal
6%
S2O Festival - Thaïlande
4%
Aucun quiz correspondant
Distribution des résultats
% des personnes avec chaque résultat
Percentile par nombre de réponses
Votre historique - résultats
Vous n’avez pas pris ce quiz